<?xml version="1.0" encoding="UTF-8"?><?xml-stylesheet type="text/xsl" href="static/style.xsl"?><OAI-PMH xmlns="http://www.openarchives.org/OAI/2.0/" xmlns:xsi="http://www.w3.org/2001/XMLSchema-instance" xsi:schemaLocation="http://www.openarchives.org/OAI/2.0/ http://www.openarchives.org/OAI/2.0/OAI-PMH.xsd"><responseDate>2026-04-18T21:41:15Z</responseDate><request verb="GetRecord" identifier="oai:riubu.ubu.es:10259/9293" metadataPrefix="marc">https://riubu.ubu.es/oai/request</request><GetRecord><record><header><identifier>oai:riubu.ubu.es:10259/9293</identifier><datestamp>2024-06-20T00:05:23Z</datestamp><setSpec>com_10259_8983</setSpec><setSpec>com_10259_5086</setSpec><setSpec>com_10259_2604</setSpec><setSpec>com_10259_7509</setSpec><setSpec>com_10259_4266</setSpec><setSpec>com_10259.4_106</setSpec><setSpec>col_10259_8984</setSpec><setSpec>col_10259_7510</setSpec></header><metadata><record xmlns="http://www.loc.gov/MARC21/slim" xmlns:doc="http://www.lyncode.com/xoai" xmlns:xsi="http://www.w3.org/2001/XMLSchema-instance" xmlns:dcterms="http://purl.org/dc/terms/" xsi:schemaLocation="http://www.loc.gov/MARC21/slim http://www.loc.gov/standards/marcxml/schema/MARC21slim.xsd">
<leader>00925njm 22002777a 4500</leader>
<datafield tag="042" ind1=" " ind2=" ">
<subfield code="a">dc</subfield>
</datafield>
<datafield tag="720" ind1=" " ind2=" ">
<subfield code="a">Gómez Gil, Francisco Javier</subfield>
<subfield code="e">author</subfield>
</datafield>
<datafield tag="720" ind1=" " ind2=" ">
<subfield code="a">Martínez-Martínez, Víctor</subfield>
<subfield code="e">author</subfield>
</datafield>
<datafield tag="720" ind1=" " ind2=" ">
<subfield code="a">Ruiz González, Rubén</subfield>
<subfield code="e">author</subfield>
</datafield>
<datafield tag="720" ind1=" " ind2=" ">
<subfield code="a">Martínez Martínez, Lidia</subfield>
<subfield code="e">author</subfield>
</datafield>
<datafield tag="720" ind1=" " ind2=" ">
<subfield code="a">Gómez Gil, Jaime</subfield>
<subfield code="e">author</subfield>
</datafield>
<datafield tag="260" ind1=" " ind2=" ">
<subfield code="c">2024-02</subfield>
</datafield>
<datafield tag="520" ind1=" " ind2=" ">
<subfield code="a">Monitoring the status of rotating components is important in modern machinery. The goal of this study is to evaluate the feasibility of using a k-Nearest Neighbors (kNN) classifier combined with a Harmony Search (HS) algorithm, to detect the operational status of rotating components within agricultural machines. Vibration data, the source data, were acquired from four accelerometers located along the chassis of a harvester. Five operational statuses of three rotating components of the harvester were studied: engine (low/maximum speed), thresher, and chopper (on/off and balanced/unbalanced). The methodology includes vibration signal acquisition, data preprocessing, smoothing, preselection of frequencies, Brute Force (BF) and Harmony Search frequency selection, and classification with kNN. The input frequencies for the classifier were chosen with either BF search or HS. The main results of the study were: i) the preselection of frequencies reduced the training time between 92.2% and 95.6%; ii) the smoothing stage improved accuracy; iii) HS reduced the training time between 82% and 90% in comparison with BF, reaching accuracies of nearly 100% in the five operational statuses with only 2 input frequencies; iv) similar levels of accuracy were obtained when using data from the accelerometers at different locations. The results suggested that it was feasible to predict the operational status of rotating components of agricultural machines using a kNN classifier with the combination of preselection, smoothing, and the HS algorithm. This feasibility was achieved both in terms of accuracy and computational burden, building upon previously proposed methods.</subfield>
</datafield>
<datafield tag="024" ind2=" " ind1="8">
<subfield code="a">0168-1699</subfield>
</datafield>
<datafield tag="024" ind2=" " ind1="8">
<subfield code="a">http://hdl.handle.net/10259/9293</subfield>
</datafield>
<datafield tag="024" ind2=" " ind1="8">
<subfield code="a">10.1016/j.compag.2023.108556</subfield>
</datafield>
<datafield ind1=" " ind2=" " tag="653">
<subfield code="a">k-Nearest Neighbors (kNN)</subfield>
</datafield>
<datafield ind1=" " ind2=" " tag="653">
<subfield code="a">Harmony Search (HS) algorithm</subfield>
</datafield>
<datafield ind1=" " ind2=" " tag="653">
<subfield code="a">Vibrations</subfield>
</datafield>
<datafield ind1=" " ind2=" " tag="653">
<subfield code="a">Accelerometer</subfield>
</datafield>
<datafield ind1=" " ind2=" " tag="653">
<subfield code="a">Machinery monitoring</subfield>
</datafield>
<datafield ind1=" " ind2=" " tag="653">
<subfield code="a">Rotating components</subfield>
</datafield>
<datafield ind1=" " ind2=" " tag="653">
<subfield code="a">Frequency selection</subfield>
</datafield>
<datafield tag="245" ind1="0" ind2="0">
<subfield code="a">Vibration-based monitoring of agro-industrial machinery using a k-Nearest Neighbors (kNN) classifier with a Harmony Search (HS) frequency selector algorithm</subfield>
</datafield>
</record></metadata></record></GetRecord></OAI-PMH>